[Event "World Cup 2009"]
[Site "Khanty-Mansiysk"]
[Date "2009.12.01"]
[Round "4.2"]
[White "Ponomariov, Ruslan"]
[Black "Bacrot, Etienne"]
[Result "1/2-1/2"]
[WhiteElo "2739"]
[BlackElo "2700"]
[PlyCount "186"]
[EventDate "2009.11.20"]
[WhiteTeam "Ukraine"]
[BlackTeam "France"]
[WhiteTeamCountry "UKR"]
[BlackTeamCountry "FRA"]

1. d4 d5 2. c4 c6 3. Nf3 Nf6 4. e3 Bf5 5. cxd5 cxd5 6. Qb3 Qc7 7. Bd2 e6 8.
Bb5+ Nc6 9. O-O Bd6 10. Bb4 O-O 11. Bxc6 bxc6 12. Nbd2 Nd7 13. Rfc1 Rfc8 14.
Qa3 Bxb4 15. Qxb4 Bg4 16. Rc2 Rab8 17. Qa3 Qb6 18. b3 Bxf3 19. Nxf3 Qb4 20.
Qxa7 Rb7 21. Qa6 c5 22. dxc5 Rxc5 23. Rac1 h6 24. h3 Rbc7 25. a3 Qxb3 26. Rxc5
Rxc5 27. Rxc5 Qb1+ 28. Qf1 Qxf1+ 29. Kxf1 Nxc5 30. Ke2 Kf8 31. Ne5 Ke7 32. Nd3
Ne4 33. Kd1 Kd6 34. f3 Nc3+ 35. Kc2 Na4 36. Kb3 Nb6 37. a4 f5 38. Kb4 Nc4 39.
e4 fxe4 40. fxe4 g5 41. exd5 Kxd5 42. Kc3 e5 43. Nb4+ Kc5 44. Na6+ Kd5 45. Nc7+
Kc5 46. Kd3 Nb2+ 47. Ke4 Nxa4 48. Kxe5 Nb2 49. Ne6+ Kc4 50. Kf5 Kd5 51. Ng7 Nd3
52. Nh5 Ne1 53. g3 Kd4 54. Kg6 Nd3 55. Kxh6 Nf2 56. h4 gxh4 57. gxh4 Ng4+ 58.
Kg7 Ke5 59. Ng3 Nf6 60. Kg6 Nd5 61. Kg7 Nf6 62. Kf7 Ng4 63. Ne2 Nf6 64. Kg6 Nd5
65. h5 Ne7+ 66. Kg7 Nf5+ 67. Kf7 Nh6+ 68. Kg6 Nf5 69. Ng3 Nh4+ 70. Kg7 Nf3 71.
h6 Ng5 72. Ne2 Ne6+ 73. Kf7 Ng5+ 74. Kg6 Ne6 75. Nc3 Nf8+ 76. Kf7 Nh7 77. Kg7
Ng5 78. Ne2 Ne6+ 79. Kf7 Ng5+ 80. Kg6 Ne6 81. Ng1 Nf8+ 82. Kf7 (82. Kg7 Kf5 83.
Nh3 Ne6+ 84. Kg8 Nf8 85. Nf4 Nd7 86. Kg7 Nf6 87. Nd5 Ne8+ 88. Kg8 Ke6 89. Nf4+
Kf5 90. Nh5) 82... Kf5 83. Nf3 Nh7 84. Kg7 Nf6 85. Nd4+ Kg5 86. Ne6+ Kh5 87.
Nc7 Kg5 88. Nd5 Ne8+ 89. Kh7 Nd6 90. Nc3 Nf7 91. Ne4+ Kf4 92. Kg7 Nxh6 93. Kxh6
Kxe4 1/2-1/2

[Event "World Cup 2009"]
[Site "Khanty-Mansiysk"]
[Date "2009.12.07"]
[Round "6.2"]
[White "Malakhov, Vladimir"]
[Black "Ponomariov, Ruslan"]
[Result "1/2-1/2"]
[WhiteElo "2706"]
[BlackElo "2739"]
[PlyCount "47"]
[EventDate "2009.11.20"]
[WhiteTeam "Russia"]
[BlackTeam "Ukraine"]
[WhiteTeamCountry "RUS"]
[BlackTeamCountry "UKR"]

1. d4 Nf6 2. c4 e6 3. Nc3 Bb4 4. Qc2 Nc6 5. Nf3 d6 6. Bd2 O-O 7. a3 Bxc3 8.
Bxc3 Qe7 9. g3 e5 10. d5 e4 11. Ng5 Ne5 12. Nxe4 Nxe4 13. Qxe4 f5 14. Qe3 f4
15. gxf4 Rxf4 16. O-O-O Qf7 17. Rg1 Rxf2 18. Bxe5 dxe5 19. Qxe5 Bd7 20. Qd4 g6
21. e4 Qf4+ 22. Kb1 Re8 23. Bd3 Rxh2 24. c5 1/2-1/2

[Event "World Cup 2009"]
[Site "Khanty-Mansiysk"]
[Date "2009.12.12"]
[Round "7.3"]
[White "Ponomariov, Ruslan"]
[Black "Gelfand, Boris"]
[Result "1/2-1/2"]
[WhiteElo "2739"]
[BlackElo "2758"]
[PlyCount "73"]
[EventDate "2009.11.20"]
[WhiteTeam "Ukraine"]
[BlackTeam "Israel"]
[WhiteTeamCountry "UKR"]
[BlackTeamCountry "ISR"]

1. d4 d5 2. c4 c6 3. Nf3 Nf6 4. Qc2 g6 5. Bf4 dxc4 6. Qxc4 Bg7 7. Nc3 Be6 8.
Qd3 Nd5 9. Bg3 Nxc3 10. bxc3 Qa5 11. e4 c5 12. Qb5+ Nc6 13. Qxa5 Nxa5 14. Bb5+
Bd7 15. Rb1 Rc8 16. Ke2 cxd4 17. cxd4 Bxb5+ 18. Rxb5 b6 19. Rd1 O-O 20. Rd5 Nc6
21. Rd7 Rfd8 22. Rxd8+ Nxd8 23. d5 Kf8 24. Nd4 Rc4 25. Ke3 Ke8 26. Nb5 Nb7 27.
d6 exd6 28. Bxd6 a6 29. Nc7+ Kd7 30. Bg3+ Kc6 31. Nxa6 Ra4 32. Nb8+ Kb5 33.
Rb1+ Kc4 34. Rc1+ Kb5 35. Rb1+ Kc4 36. Rc1+ (36. Nd7 Ra3+ 37. Kf4 b5 38. Rc1+
Kd4 39. Rc2 Bh6+ 40. Kg4 Kxe4 41. f3+ Kd5 {nur kleiner Vorteil}) 36... Kb5 37.
Rb1+ 1/2-1/2